LEADER 01300nam--2200433---450- 001 990000530730203316 005 20050216145254.0 010 $a88-7078-459-2 035 $a0053073 035 $aUSA010053073 035 $a(ALEPH)000053073USA01 035 $a0053073 100 $a20010628d1997----km-y0itay0103----ba 101 $aita 102 $aIT 105 $a||||||||001yy 200 1 $aDifferenza e ripetizione$fGilles Deleuze 210 $aMilano$cR. Cortina$d1997 215 $aXI, 401 p.$d23 cm 225 2 $aSaggi 300 $aTraduzione di Giuseppe Guglielmi 410 $12001$aSaggi 606 0 $aDifferenza 606 0 $aRpetizione 676 $a111. 700 1$aDELEUZE,$bGilles$0139769 801 0$aIT$bsalbc$gISBD 912 $a990000530730203316 951 $aII.1.D. 469 (VARIE COLL 1213/3)$b136051 L.M.$cVARIE COLL 951 $aII.1.D. 469a (VARIE COLL 1213/3 BIS)$b160072 L.M.$cVARIE COLL$d00077163 959 $aBK 969 $aUMA 979 $aPATTY$b90$c20010628$lUSA01$h1535 979 $aCHIARA$b90$c20020301$lUSA01$h1150 979 $c20020403$lUSA01$h1702 979 $aPATRY$b90$c20040406$lUSA01$h1637 979 $aCOPAT4$b90$c20050216$lUSA01$h1452 996 $aDifférence et répétition$951048 997 $aUNISA